[Event "Kuala Lumpur UM KPT op"]
[Site "Kuala Lumpur"]
[Date "2016.12.17"]
[Round "5"]
[White "Chin, Shun Yi"]
[Black "Fong, Choong Ee"]
[Result "1-0"]
[WhiteElo "1398"]
[BlackElo "1879"]
[PlyCount "93"]
[EventDate "2016.12.16"]
[EventType "swiss"]
[EventRounds "9"]
[EventCountry "MAS"]
[SourceTitle "CBM 176 Extra"]
[Source "ChessBase"]
[SourceDate "2017.03.02"]
[SourceVersion "1"]
[SourceVersionDate "2017.03.02"]
[SourceQuality "1"]

1. e4 c5 2. Nc3 d6 3. g3 Nc6 4. Bg2 g6 5. d3 Bg7 6. Be3 e6 7. Qd2 Nge7 8. Nge2 Rb8 9. 0-0 0-0 10. Bh6 b5 11. Bxg7 Kxg7 12. a3 Qc7 13. Nd1 e5 14. f4 Nd4 15. Ne3 f5 16. fxe5 dxe5 17. exf5 gxf5 18. Nd5 Nxe2+ 19. Qxe2 Nxd5 20. Bxd5 Qd6 21. Qf3 Be6 22. Bxe6 Qxe6 23. Rae1 Qe7 24. Qh5 Qf6 25. g4 Qg6 26. Qxg6+ Kxg6 27. Rxe5 fxg4 28. Rxf8 Rxf8 29. Rxc5 Rf5 30. Rxf5 Kxf5 31. Kf2 Kf4 32. c3 a5 33. b3 h5 34. c4 b4 35. axb4 axb4 36. d4 h4 37. d5 Ke5 38. Ke3 Kf5 39. d6 Ke6 40. Kf4 g3 41. hxg3 hxg3 42. Kxg3 Kxd6 43. Kf4 Kc6 44. Ke4 Kc5 45. Ke5 Kc6 46. Kd4 Kd6 47. c5+ 1-0

[Event "Kuala Lumpur UM KPT op"]
[Site "Kuala Lumpur"]
[Date "2016.12.17"]
[Round "6"]
[White "Chin, Shun Yi"]
[Black "Teh, Wee Zhun"]
[Result "0-1"]
[WhiteElo "1398"]
[BlackElo "1761"]
[PlyCount "86"]
[EventDate "2016.12.16"]
[EventType "swiss"]
[EventRounds "9"]
[EventCountry "MAS"]
[SourceTitle "CBM 176 Extra"]
[Source "ChessBase"]
[SourceDate "2017.03.02"]
[SourceVersion "1"]
[SourceVersionDate "2017.03.02"]
[SourceQuality "1"]

1. e4 d5 2. exd5 Qxd5 3. Nc3 Qd6 4. d4 Nf6 5. Nf3 a6 6. Be2 Nc6 7. Be3 Bf5 8. Nh4 Be6 9. Qd2 0-0-0 10. 0-0-0 h6 11. Nf3 g5 12. h3 Bg7 13. g4 Qb4 14. a3 Qa5 15. Nb1 Ne4 16. Qxa5 Nxa5 17. Nbd2 Nxd2 18. Rxd2 Nc4 19. Rdd1 b5 20. c3 Bd5 21. Rhg1 e6 22. Bxc4 bxc4 23. Ne5 Rhf8 24. f4 f6 25. Ng6 Rfe8 26. fxg5 hxg5 27. h4 gxh4 28. Nxh4 Be4 29. Rdf1 Rh8 30. Nf3 Rh3 31. Bf4 Bxf3 32. g5 f5 33. g6 Rg8 34. Be5 Bh6+ 35. Kb1 Bg4 36. g7 Bxg7 37. Bxg7 Rxg7 38. Re1 f4 39. d5 Bf5+ 40. Ka2 Rxg1 41. Rxg1 exd5 42. Rg8+ Kb7 43. Rf8 Bc2 0-1

[Event "Shah Alam Challenger"]
[Site "Shah Alam"]
[Date "2016.01.24"]
[Round "3"]
[White "Chin, Shun Yi"]
[Black "Syabani, Muhammad Naqib"]
[Result "1-0"]
[WhiteElo "1477"]
[BlackElo "1306"]
[PlyCount "55"]
[EventDate "2016.01.23"]
[EventType "swiss"]
[EventRounds "9"]
[EventCountry "MAS"]
[SourceTitle "EXT 2017"]
[Source "ChessBase"]
[SourceDate "2016.10.25"]
[SourceVersion "1"]
[SourceVersionDate "2016.10.25"]
[SourceQuality "1"]

1. e4 e5 2. Nc3 Nf6 3. f4 d6 4. Bb5+ c6 5. Ba4 b5 6. Bb3 b4 7. fxe5 dxe5 8. Nce2 Nxe4 9. d3 Nf6 10. Be3 Be7 11. Nf3 h6 12. Nxe5 0-0 13. 0-0 Nd5 14. Qd2 Nd7 15. Nxc6 Nxe3 16. Nxd8 Nxf1 17. Rxf1 Rxd8 18. Rxf7 Bc5+ 19. d4 Kh8 20. dxc5 Bb7 21. Rxd7 Rf8 22. Rxb7 Rf6 23. Qd7 Rg6 24. Nf4 Rg5 25. h4 Rg3 26. Kh2 Rg8 27. Kxg3 a5 28. Bxg8 1-0